Statistics for 1924 Winter Olympics Sports Quiz

Click here to take the quiz!

General Stats

  • This quiz has been taken 11 times
  • The average score is 4 of 9

Answer Stats

Answer% Correct
Ice Hockey
73%
Figure Skating
64%
Speed Skating
64%
Curling
55%
Ski Jumping
55%
Bobsleigh
45%
Cross-Country Skiing
18%
Military Patrol
18%
Nordic Combined
18%

Score Distribution

Percentile by Number Answered

Percent of People with Each Score

Your Score History

You have not taken this quiz